Por los surcos del olvido : los sinuosos caminos de la demencia /

Obra que presenta una reflexión sobre la demencia senil como un problema de salud que aqueja a una parte de la población en vulnerabilidad. Presenta casos, datos estadísticos así como síntomas de la aparición y desarrollo de la demencia en ancianos, además expone cómo es que se ha convertido en una...

Ful tanımlama

Kaydedildi:
Detaylı Bibliyografya
Yazar: Ramos Zúñiga, Rodrigo (edición)
Diğer Yazarlar: Villoro, Carmen (prólogo) (prólogo), Pablos Méndez, Ariel (prólogo) (prólogo), Rivera, Víctor M. (proemio) (proemio)
Materyal Türü: Kitap
Dil:İspanyolca
Baskı/Yayın Bilgisi: Guadalajara, México : Ediciones de la Noche, 2019, c2015
Edisyon:3a edición
Konular:
Etiketler: Etiketle
Etiket eklenmemiş, İlk siz ekleyin!

MARC

LEADER 00000nam^a2200000^a^4500
001 000624411
005 20251112000000.0
009 20260310133955.733
020 |a 978-607-742-130-6 
037 |a Acervo ITESO - Biblioteca 
041 |a ESP 
082 |a 618. 97  |b RAM 
100 |a Ramos Zúñiga, Rodrigo  |e (edición) 
245 1 0 |a Por los surcos del olvido :  |b los sinuosos caminos de la demencia /  |c R. Ramos Zúñiga ; pról. de C. Villoro, A. Pablos Méndez ; proemio de V.M. Rivera. 
250 |a 3a edición 
264 4 |a Guadalajara, México :  |b Ediciones de la Noche,  |c 2019, c2015 
300 |a 133 p. 
336 |a texto  |b txt  |2 rdacontenido 
337 |a sin mediación  |b n  |2 rdamedio 
338 |a volumen  |b nc  |2 rdasoporte 
520 |a Obra que presenta una reflexión sobre la demencia senil como un problema de salud que aqueja a una parte de la población en vulnerabilidad. Presenta casos, datos estadísticos así como síntomas de la aparición y desarrollo de la demencia en ancianos, además expone cómo es que se ha convertido en una de las principales enfermedades de la tercera edad. 
649 |a XX 
650 |a Ancianos -  |x Condiciones Psicológicas -  |x Tema Principal 
650 |a Ancianos -  |x Condiciones Sociales y Culturales 
650 |a Mal de Alzheimer 
650 |a Demencia Senil y Presenil -  |x Tema Principal 
650 |a Envejecimiento (Ciclo Vital) 
650 |a Geriatría -  |x Tema Principal 
650 |a Medicina 
650 |a Salud 
700 |a Villoro, Carmen  |e (prólogo) 
700 |a Pablos Méndez, Ariel  |e (prólogo) 
700 |a Rivera, Víctor M.  |e (proemio) 
910 |a Fondo General 
920 |a Impresos - Libros 
930 |a Colección General 
905 |a 101 
901 |a 624411-10  |b IT1  |c ACC  |i D132108  |u 20251112 
902 |a https://opac.biblio.iteso.mx/vufind/Record/000624411